| 000 | 00629nam a2200241Ia 4500 | ||
|---|---|---|---|
| 003 | OSt | ||
| 005 | 20220918201237.0 | ||
| 006 | a|||||r|||| 00| 0 | ||
| 007 | ta | ||
| 008 | 220917b |||||||| |||| 00| 0 eng d | ||
| 024 | _a92,584 | ||
| 037 | _cTextual | ||
| 040 |
_aARTS _cARTS _beng |
||
| 041 |
_2eng _aeng |
||
| 082 | _aU8:291:N5, K0-;1 | ||
| 100 |
_aVaidya Suresh _997639 |
||
| 245 | 0 | _aIslands of the marigold sun | |
| 260 |
_aLondon _bRobert Hale Ltd UK _c1960 |
||
| 300 |
_a192p _ccm. |
||
| 650 | _aGEOGRAPHY | ||
| 942 |
_hU8:291:N5, K0-;1 _cTEXL _2CC |
||
| 999 |
_c216235 _d216235 |
||